000 01180cab a22002175a 4500
001 L156834
008 120718e20120714xxk 000 0 eng d
035 _a(Sirsi) u156834
041 0 _aeng
100 1 _aDawson, Monica
245 0 0 _aListing towards consent
260 _c2012
490 _aEstates Gazette
_v(1228) 14 July 2012, 76-77(2)
510 4 _aConsiders a number of factors which can facilitate the development of listed buildings. Reviews case law which has considered sustainability verses conservation issues for example, "Enertrag (UK) Ltd v SoS Communities and Local Government" [2009] EWHC 679 (Admin) and "Historic Buildings and Monuments Commission for England (English Heritage) v SoS Communties and Local Government" [2009] EWHC 2298 (Admin) and "R (on the application of Garner) v Elmbridge BC" [2011] EWHC 86 (Admin).
590 _aKA
650 2 4 _aENERTRAG (UK) LTD V SOS COMMUNITIES AND LOCAL GOVERNMENT
650 2 4 _aHISTORIC BUILDING AND MONUMENTS COMMISSION FOR ENGLAND (ENGLISH HERITAGE) V SOS COMMUNITIES AND LOCAL GOVERNMENT
650 2 4 _aR (ON THE APPLICATION OF GARNER) V ELMBRIDGE BC
690 _aBuilding control
_96222
942 _n0
999 _c84166
_d84166